ՀՀ Գիտությունների ազգային ակադեմիայի հիմնարար գիտական գրադարան  =   Fundamental Scientific Library of NAS RA

Европа : (Record no. 319485)

MARC details
000 -LEADER
fixed length control field 00736nam a2200193 a 4500
001 - CONTROL NUMBER
control field 000945747
003 - CONTROL NUMBER IDENTIFIER
control field AM-YeHGA
005 - DATE AND TIME OF LATEST TRANSACTION
control field 20250617145836.0
008 - FIXED-LENGTH DATA ELEMENTS--GENERAL INFORMATION
fixed length control field 130213s1902 ||| r 000 0 rus d
040 ## - CATALOGING SOURCE
Original cataloging agency AM-YeHGA
041 0# - LANGUAGE CODE
Language code of text/sound track or separate title rus
090 ## - LOCALLY ASSIGNED LC-TYPE CALL NUMBER (OCLC); LOCAL CALL NUMBER (RLIN)
-- 321220
245 00 - TITLE STATEMENT
Title Европа :
Remainder of title Иллюстрированный географический сборник /
Statement of responsibility, etc. Сост. А. Крубером и др.
260 ## - PUBLICATION, DISTRIBUTION, ETC.
Place of publication, distribution, etc. Москва :
Manufacturer Т-во Кушнерев и К°,
Date of publication, distribution, etc. 1902.
300 ## - PHYSICAL DESCRIPTION
Extent [770 с.] :
Other physical details [19] л. ил.
650 14 - SUBJECT ADDED ENTRY--TOPICAL TERM
Topical term or geographic name entry element География
Geographic subdivision Европа
651 #4 - SUBJECT ADDED ENTRY--GEOGRAPHIC NAME
Geographic name Европа
Form subdivision Географические сборники
700 1# - ADDED ENTRY--PERSONAL NAME
Personal name Крубер, Александр Александрович
Relator term сост.
Relationship com
Holdings
Withdrawn status Lost status Damaged status Not for loan Collection Home library Current library Date acquired Total checkouts Full call number Barcode Date last seen Price effective from Koha item type Public note
        General Fundamental Scientific Library Fundamental Scientific Library 09/01/2017   PII/490442 FL0256685 09/01/2017 09/01/2017 Գրքեր / Books 30 Days Loan


ՀՀ ԳԱԱ հիմնարար գիտական գրադարան
ՀՀ,Երևան 0019
Մարշալ Բաղրամյան 24/6
հեռախոս:(374-10) 52-47-50
Հետադարձ կապ

All site content, except where otherwise noted, is licensed under a
Creative Commons License